Online Catalogue and eLibrary

Nerkonda Paavai (Record no. 6034)

MARC details
000 -LEADER
fixed length control field 00423nam a22001577a 4500
005 - DATE AND TIME OF LATEST TRANSACTION
control field 20250508065504.0
008 - FIXED-LENGTH DATA ELEMENTS--GENERAL INFORMATION
fixed length control field 250508b |||||||| |||| 00| 0 eng d
020 ## - INTERNATIONAL STANDARD BOOK NUMBER
ISBN 9789555114479
082 ## - DDC Classification
DDC Edition Number 22
Class No. 891
Item Number - Author Mark NER
100 ## - MAIN ENTRY--PERSONAL NAME
Personal name Mahenthiran, Kokhila
245 ## - TITLE STATEMENT
Title Nerkonda Paavai
260 ## - PUBLICATION, DISTRIBUTION, ETC.
Place of publication, distribution, etc. Tellippalai
Name of publisher, distributor, etc. Lycium of Literary and Aesthetic Studies
Date of publication, distribution, etc. 2015
300 ## - PHYSICAL DESCRIPTION
Extent (e.g. Volumes, Pages etc.) 236 p .,
500 ## - GENERAL NOTE
General note Literature about Females
942 ## - Koha item type (Biblio)
Koha item type Books in Stacks (Lending)
Holdings
Lost status Damaged status Collection code Home library Current library Date acquired Full call number Accession Number Item type
    Lending WERC Library WERC Library 05/08/2025 891 NER 6920 Books in Stacks (Lending)

© WERC Library